1653 1807 1439 1744 1358 1162 1429 1029 1680 1515 1349 1045 1400 1009 1044 1908 1013 1340 1980 1650 1918 1669 1549 1905 1799 1163 1221 1133 1016 1800 1641 1759 1421 1106 1181 1739 1568 1446 1105 1346 1770 1052 1720 1612 1328 1798 1118 1623 1655 1940 1486 1936 1085 1171 1732 1095 1027 1492 1333 1484 1515 1630 1838 1172 1984 1328 1791 1523 1645 1067 1211 1878 1311 1987 1474 1305 1753 1623 1189 1083 1907 1641 1675 1574 1857 1696 1805 1307 1944 1760 1764 1406 1000 1107 1823 1362 1602 1427 1166 BCNSPRNW ULIB Ver.6.0+V

เปลี่ยนเป็นภาษาไทย

Change to English
 แสดงรายละเอียดบรรณานุกรม
  กลับหน้าหลัก

Brief Record : Get Marc (ISO 2709) : E-mail record : QR code < ปิดหน้าต่าง
LEADER : 00000nam 2200000uu 4500
001    13399121972
003     ULIB
008    121217s2549||||th 000 0 tha d
020    ^a9749781155
060  4 ^aWF140^bม335ก 2549
245 00 ^aการบริบาลทางเภสัชกรรมในผู้ป่วยโรคระบบทางเดินหายใจ =^bPharmaceutical care in respiratory disease patients /^cบรรณาธิการ, มัณฑนา ภาณุมาภรณ์, ศิรประภา ทับทิม
246 31 ^aPharmaceutical care in respiratory disease patients
250    ^aพิมพ์ครั้งที่ 1
260    ^aสมุทรปราการ :^bคณะเภสัชศาสตร์มหาวิทยาลัยหัวเฉียวเฉลิมพระเกียรติ,^c2549
300    ^aก-ช, 221 หน้า :^bภาพประกอบ ;^c26 ซม.
500 หน ^aังสือประกอบการประชุมวิชาการด้านการบริบาลทางเภสัชกรรมครั้งที่ 7 เรื่อง "ความก้าวหน้าทางเภสัชวิทยาบำบัดในผู้ป่วยโรคระบบทางเดินหายใจ" 2549 จัดโดย คณะเภสัชศาสตร์ มหาวิทยาลัยหัวเฉียวเฉลิมพระเกียรติ
504    ^aมีบรรณานุกรมและดรรชนี
650  2 ^aRespiratory Tract Infcetions
650  2 ^aRespiratory Tract Diseases^xdrug therapy
650  2 ^aLung Diseases Obstructive
650  7 ^aทางเดินอากาศหายใจ, โรค^xการรักษาด้วยยา
650  7 ^aทางเดินอากาศหายใจ, การติดเชื้อ^xการรักษาด้วยยา
650  7 ^aปอด, โรคเกิดจากการอุดกั้น^xการรักษาด้วยยา
650  7 ^aการบริบาบาลทางเภสัชกรรม^vการประชุม
700 0  ^aศิรประภา ทับทิม,^eบรรณาธิการ
700 0  ^aมัณฑนา ภาณุมาภรณ์,^eบรรณาธิการ
710 2  ^aมหาวิทยาลัยหัวเฉียวเฉลิมพระเกียรติ. ^bคณะเภสัชศาสตร์
740 12 ^a การประชุมวิชาการด้านการบริบาลทางเภสัชกรรม^n(ครั้งที่ 7 :2549 : คณะเภสัชศาสตร์ มหาวิทยาลัยหัวเฉียวเฉลิมพระเกียรติ)
945    ^p0^l0^i16590
995    ^aกัณชพร
999 ^a ใช้งานได้ทุกระบบ
รายการนี้ยังไม่มีแท็ก
คุณยังไม่ได้ล็อกอิน คุณสามารถมีกิจกรรมร่วมกับเว็บไซต์ได้ แต่ต้องล็อกอินก่อน ::
  ล็อกอิน

รายการสื่อสารสนเทศ

ลำดับที่ ประเภท เลขเรียก/บาร์โค้ด สถานที่ สถานะ
1. วิทยาศาสตร์การแพทย์ และสุขภาพ
วิทยาศาสตร์การแพทย์ และสุขภาพ
WF140 ม335ก 2549  
  Barcode: 16590
ห้องสมุดวิทยาเขตสวรรค์ประชารักษ์
►หนังสือทั่วไป
บนชั้น

BibComment


ยังไม่เคยถูกคอมเมนท์

คอมเมนท์ทรัพยากรรายการนี้
  คอมเมนท์: การบริบาลทางเภสั..


 Copyright 2026. Bcnsprnw @Library